Turning Points (Record no. 11255)
[ view plain ]
| 000 -LEADER | |
|---|---|
| fixed length control field | 00260nam a22000977a 4500 |
| 008 - FIXED-LENGTH DATA ELEMENTS--GENERAL INFORMATION | |
| fixed length control field | 181204b ||||| |||| 00| 0 eng d |
| 020 ## - INTERNATIONAL STANDARD BOOK NUMBER | |
| International Standard Book Number | 9789350293478 |
| 100 ## - MAIN ENTRY--PERSONAL NAME | |
| Personal name | Abdul Kalam |
| 9 (RLIN) | 7003 |
| 245 ## - TITLE STATEMENT | |
| Title | Turning Points |
| 260 ## - PUBLICATION, DISTRIBUTION, ETC. (IMPRINT) | |
| Place of publication, distribution, etc. | India |
| Name of publisher, distributor, etc. | Harper Collins Publications |
| Date of publication, distribution, etc. | 2012 |
| Withdrawn status | Lost status | Source of classification or shelving scheme | Damaged status | Koha normalized classification for sorting | Not for loan | Home library | Current library | Shelving location | Date acquired | Total Checkouts | Full call number | Barcode | Date last seen | Date last checked out | Price effective from | Koha item type |
|---|---|---|---|---|---|---|---|---|---|---|---|---|---|---|---|---|
| Dewey Decimal Classification | 954_050000000000000 | Good Samaritan School Library | Good Samaritan School Library | Biography | 12/04/2018 | 7 | 954.05 | ABD15197 | 05/06/2024 | 04/29/2024 | 12/04/2018 | BOOK |